[Event "XX Miedzynarodowy Festiwal Szachowy w Poznaniu Open Poznan"]
[Site "Poznan"]
[Date "2011.08.06"]
[Round "1.1"]
[White "Szelag, Marcin"]
[Black "Niekras, Dawid"]
[Result "1-0"]
[WhiteElo "2478"]
[BlackElo "1797"]
[EventDate "2011.08.06"]
[WhiteTitle "IM"]
[BlackTitle "II+"]

1.e4 e5 2.Nf3 Nc6 3.Bb5 a6 4.Ba4 Nf6 5.O-O Be7 6.Re1 b5 7.Bb3 d6 8.c3 O-O 
9.h3 Na5 10.Bc2 c5 11.d4 Qc7 12.Nbd2 Nc6 13.d5 Nd8 14.Nf1 Ne8 15.Ne3 g6 
16.a4 Rb8 17.Ng4 Ng7 18.Nh6+ Kh8 19.g4 f5 20.exf5 gxf5 21.axb5 axb5 22.Kh1
Nf7 23.gxf5 Nxh6 24.Bxh6 Rf7 25.Rg1 Nxf5 26.Ng5 Bxg5 27.Bxg5 Ng7 28.Bh6 
Nf5 29.Qh5 Nxh6 30.Qxh6 Bf5 31.Bxf5 Rxf5 32.Rg2 Rf7 33.Ra6 Rd8 34.Qe6 Qe7 
35.Qxe7 Rxe7 36.Rb6 e4 37.Rxb5 Re5 38.c4 e3 39.fxe3 Rxe3 40.Kh2 Re7 41.Rb6
Re4 42.b3 Re7 43.Rg4 Re2+ 44.Kg3 Re3+ 45.Kg2 Re2+ 46.Kf3 Re7 47.Re4 Rf7+ 
48.Rf4 Kg7 49.Rxf7+ Kxf7 50.Kf4 Kg6 51.Rb7 Rf8+ 52.Ke4 Rf6 53.Re7 Rf8 54.
Re6+ Kg5 55.Rxd6 Rb8 56.Re6 Rxb3 57.d6 Rxh3 58.d7 Rh4+ 59.Ke5 Rd4 60.Rd6 
1-0

[Event "XX Miedzynarodowy Festiwal Szachowy w Poznaniu Open Poznan"]
[Site "Poznan"]
[Date "2011.08.06"]
[Round "1.2"]
[White "Kiwilsza, Piotr"]
[Black "Warakomski, Tomasz"]
[Result "0-1"]
[WhiteElo "1758"]
[BlackElo "2473"]
[EventDate "2011.08.06"]
[WhiteTitle "II"]
[BlackTitle "IM"]

1.e4 e5 2.Nc3 Nf6 3.Nf3 Nc6 4.Bb5 Nd4 5.d3 Nxb5 6.Nxb5 d6 7.Bg5 Be7 8.h3 
h6 9.Bxf6 Bxf6 10.O-O O-O 11.c4 g6 12.Nc3 Bg7 13.b4 f5 14.Qc2 fxe4 15.dxe4
Bxh3 16.Qd3 Be6 17.Rad1 Qd7 18.Nh2 Rf7 19.Nd5 Kh7 20.Qg3 Qa4 21.a3 Qc2 22.
Qd3 Qxd3 23.Rxd3 Bf8 24.Rc1 c6 25.Ne3 a5 26.b5 cxb5 27.cxb5 a4 28.Nd5 Ra5 
29.Rc4 Rxb5 30.Rxa4 Bxd5 31.Rxd5 Rb1+ 32.Nf1 Rc7 33.Ra8 Kg7 34.Rd3 Rcc1 
35.Rf3 Rxf1+ 36.Kh2 Be7 37.Re8 Rh1+ 38.Kg3 Bh4+ 0-1

[Event "XX Miedzynarodowy Festiwal Szachowy w Poznaniu Open Poznan"]
[Site "Poznan"]
[Date "2011.08.06"]
[Round "1.4"]
[White "Wesolowska, Katarzyna"]
[Black "Chojnacki, Krzysztof"]
[Result "0-1"]
[WhiteElo "1739"]
[BlackElo "2437"]
[EventDate "2011.08.06"]
[WhiteTitle "I+"]
[BlackTitle "IM"]

1.e4 e5 2.Nf3 Nc6 3.Nc3 Nf6 4.d4 exd4 5.Nxd4 Bb4 6.Nxc6 bxc6 7.Bd3 d5 8.
exd5 cxd5 9.O-O O-O 10.Bg5 Be6 11.h3 Rb8 12.a3 Bd6 13.Rb1 h6 14.Bh4 c5 15.
Qf3 c4 16.Bxf6 Qxf6 17.Qxf6 gxf6 18.Be2 Rfd8 19.Bf3 d4 20.Ne4 Be7 21.Rfd1 
f5 22.Ng3 Bg5 23.Ne2 d3 24.cxd3 cxd3 25.Nc3 Bb3 26.Rf1 Bc2 27.Ra1 Rxb2 28.
Nd1 Rb3 29.g3 d2 30.Kg2 Rxf3 0-1

[Event "XX Miedzynarodowy Festiwal Szachowy w Poznaniu Open Poznan"]
[Site "Poznan"]
[Date "2011.08.06"]
[Round "1.5"]
[White "Przybylski, Wojciech"]
[Black "Opolski, Wojciech"]
[Result "1-0"]
[WhiteElo "2356"]
[BlackElo "1713"]
[EventDate "2011.08.06"]
[WhiteTitle "FM"]
[BlackTitle "I"]

1.e4 e5 2.Nf3 Nc6 3.Bb5 Bc5 4.O-O Nge7 5.c3 O-O 6.d4 exd4 7.cxd4 Bb6 8.d5 
a6 9.Bc4 Na7 10.a4 d6 11.b4 c6 12.Bb2 Ng6 13.Nbd2 cxd5 14.exd5 Bg4 15.h3 
Bf5 16.Nd4 Bd7 17.f4 Rc8 18.Kh2 Bc7 19.Bd3 Qh4 20.Nf5 Bxf5 21.Bxf5 Rcd8 
22.g3 Qh6 23.Qc2 Bb8 24.Rae1 Nc8 25.g4 Nxf4 26.g5 Qh4 27.Re4 Qxg5 28.Rg1 
Qh6 29.Bxg7 1-0

[Event "XX Miedzynarodowy Festiwal Szachowy w Poznaniu Open Poznan"]
[Site "Poznan"]
[Date "2011.08.06"]
[Round "1.6"]
[White "Kowalewicz, Kacper"]
[Black "Bednarska-Bzdega, Malgorzata"]
[Result "0-1"]
[WhiteElo "1667"]
[BlackElo "2172"]
[EventDate "2011.08.06"]
[WhiteTitle "II"]
[BlackTitle "WFM"]

1.Nf3 c5 2.g3 Nf6 3.Bg2 g6 4.d3 Bg7 5.O-O O-O 6.Nbd2 Nc6 7.Re1 Qc7 8.c3 d6
9.Nb3 Bd7 10.d4 b6 11.e4 Rad8 12.d5 Nb8 13.c4 b5 14.Nbd2 a6 15.Rb1 Be8 16.
Qc2 Nbd7 17.b4 cxb4 18.Rxb4 Nb6 19.Bf1 a5 20.Rb1 Rc8 21.Bh3 Rb8 22.Bb2 
bxc4 23.Bxf6 Bxf6 24.Nxc4 Ba4 25.Qe2 Qxc4 26.Qe3 Qc5 27.Qxc5 dxc5 28.e5 
Bg7 29.d6 exd6 30.exd6 Rfd8 0-1

[Event "XX Miedzynarodowy Festiwal Szachowy w Poznaniu Open Poznan"]
[Site "Poznan"]
[Date "2011.08.06"]
[Round "1.7"]
[White "Musialkiewicz, Jan"]
[Black "Muller, Marcin"]
[Result "1-0"]
[WhiteElo "2150"]
[BlackElo "1665"]
[EventDate "2011.08.06"]
[WhiteTitle "k"]
[BlackTitle "II"]

1.e4 c5 2.Nf3 Nc6 3.d4 cxd4 4.Nxd4 g6 5.c4 Bg7 6.Nc2 e5 7.Nc3 Nge7 8.Be2 
O-O 9.O-O a6 10.b3 d6 11.Qd2 Nd4 12.Bb2 Nec6 13.Rad1 f5 14.exf5 Bxf5 15.
Nxd4 Nxd4 16.Nd5 Nxe2+ 17.Qxe2 Be6 18.Nc3 Qe7 19.Ba3 Rfd8 20.Ne4 Bf8 21.
Bxd6 Rxd6 22.Nxd6 Rd8 23.Ne4 Rd4 24.Nc3 Bf7 25.Rfe1 Rxd1 26.Nxd1 Bg7 27.
Nc3 h5 28.Nd5 Bxd5 29.cxd5 Qd6 30.Qc4 Kh7 31.b4 b5 32.Qb3 Bf8 33.a3 Be7 
34.h3 h4 35.Rc1 e4 36.Re1 Qe5 37.Qe3 Bd6 38.Qxe4 Qh2+ 39.Kf1 Kh6 40.Qxh4+ 
1-0

[Event "XX Miedzynarodowy Festiwal Szachowy w Poznaniu Open Poznan"]
[Site "Poznan"]
[Date "2011.08.06"]
[Round "1.8"]
[White "Koper, Konrad"]
[Black "Kaluzny, Wlodzimierz"]
[Result "0-1"]
[WhiteElo "1650"]
[BlackElo "2114"]
[EventDate "2011.08.06"]
[WhiteTitle "II"]
[BlackTitle "k"]

1.c4 e6 2.d4 d5 3.Nc3 f5 4.Nf3 c6 5.b3 Nf6 6.g3 Bd6 7.Bg2 O-O 8.O-O Nbd7 
9.Bf4 Qc7 10.e3 Qb8 11.Rc1 h6 12.Nd2 Ne4 13.Bxd6 Qxd6 14.f3 Nxc3 15.Rxc3 
b6 16.cxd5 exd5 17.Qc2 Bb7 18.Qd3 Rad8 19.e4 dxe4 20.fxe4 fxe4 21.Rxf8+ 
Nxf8 22.Nxe4 Qxd4+ 23.Qxd4 Rxd4 24.Nf2 Rd6 25.Re3 Rd7 26.Bh3 Rc7 27.Ne4 
Bc8 28.Bg2 Be6 29.Rc3 c5 30.Nd6 Rd7 31.Rd3 c4 32.bxc4 Bxc4 33.Bd5+ Bxd5 
34.Rxd5 Ng6 35.Kf2 Ne7 36.Rd2 Nc6 37.Ke3 Kf8 38.Ke4 Na5 39.Kd5 Rxd6+ 40.
Kxd6 Nc4+ 41.Kc7 Nxd2 42.Kb7 Nc4 43.Kxa7 Ke7 0-1

[Event "XX Miedzynarodowy Festiwal Szachowy w Poznaniu Open Poznan"]
[Site "Poznan"]
[Date "2011.08.06"]
[Round "1.9"]
[White "Zakrzewski, Marek"]
[Black "Kaluzny, Tomasz"]
[Result "1-0"]
[WhiteElo "2097"]
[BlackElo "1635"]
[EventDate "2011.08.06"]
[WhiteTitle "I++"]
[BlackTitle "II"]

1.e4 c5 2.Nc3 e6 3.Nge2 d5 4.exd5 exd5 5.d4 cxd4 6.Nxd4 Nf6 7.Bb5+ Bd7 8.
O-O Be7 9.Nf5 Bxb5 10.Nxg7+ Kf8 11.Bh6 Kg8 12.Nxb5 Nc6 13.Nh5 Bf8 14.Bg5 
Be7 15.Re1 Nxh5 16.Bxe7 Nxe7 17.Qxh5 Ng6 18.Rad1 Qf6 19.Nc7 Rc8 20.Nxd5 
Qxb2 21.c3 Kg7 22.Ne7 Rb8 23.Nxg6 hxg6 24.Qe5+ Kh7 25.Re3 f5 26.Rh3+ Kg8 
27.Rxh8+ Kf7 28.Rd7# 1-0

[Event "XX Miedzynarodowy Festiwal Szachowy w Poznaniu Open Poznan"]
[Site "Poznan"]
[Date "2011.08.06"]
[Round "1.10"]
[White "Wittig, Zenon"]
[Black "Magnucka, Milena"]
[Result "0-1"]
[WhiteElo "1631"]
[BlackElo "2074"]
[EventDate "2011.08.06"]
[WhiteTitle "II"]
[BlackTitle "WFM"]

1.e4 c5 2.Nf3 d6 3.d4 cxd4 4.Nxd4 Nf6 5.Nc3 a6 6.Bd3 e5 7.Nb3 Be6 8.O-O 
Be7 9.Kh1 O-O 10.f4 exf4 11.Bxf4 Nc6 12.h3 Nd7 13.Nd5 Bxd5 14.exd5 Nce5 
15.Bf5 Re8 16.Nd2 Bf8 17.Nf3 Nxf3 18.Qxf3 Ne5 19.Bxe5 Rxe5 20.Rae1 Rxe1 
21.Rxe1 Qa5 22.Rf1 Qc7 23.b3 g6 24.Bd3 Re8 25.a4 Bh6 26.h4 Re3 27.Qf6 Bg7 
28.Qf4 Qe7 29.h5 Re5 30.hxg6 hxg6 31.g3 Rxd5 32.Kg2 Re5 33.g4 d5 34.Rh1 
Re3 35.Rh3 Re1 36.Qb8+ Bf8 37.Qh2 Re2+ 38.Bxe2 Qxe2+ 39.Kh1 Qf1+ 0-1

[Event "XX Miedzynarodowy Festiwal Szachowy w Poznaniu Open Poznan"]
[Site "Poznan"]
[Date "2011.08.06"]
[Round "1.11"]
[White "Szuminski, Marek"]
[Black "Adamczyk, Wieslaw"]
[Result "0-1"]
[WhiteElo "2066"]
[BlackElo "1606"]
[EventDate "2011.08.06"]
[WhiteTitle "I++"]
[BlackTitle "II"]

1.d4 Nf6 2.c4 c5 3.d5 b5 4.cxb5 a6 5.bxa6 g6 6.Nc3 Bxa6 7.g3 d6 8.Bg2 Bg7 
9.Nf3 O-O 10.O-O Nbd7 11.Re1 Nb6 12.e4 Nfd7 13.Bf4 Nc4 14.Qc2 Rb8 15.Rab1 
Nde5 16.Nxe5 Nxe5 17.Red1 Qa5 18.Bxe5 Bxe5 19.Bf1 Bc8 20.a4 f5 21.Bd3 f4 
22.Nb5 Bh3 23.b3 Rf7 24.Bf1 Bd7 25.Bc4 Rbf8 26.Rd2 g5 27.Qd1 fxg3 28.fxg3 
Bh3 29.Qc2 Qb4 30.Qa2 Qxc4 0-1

[Event "XX Miedzynarodowy Festiwal Szachowy w Poznaniu Open Poznan"]
[Site "Poznan"]
[Date "2011.08.06"]
[Round "1.12"]
[White "Gajdamowicz, Adrian"]
[Black "Nawrocki, Przemyslaw"]
[Result "0-1"]
[WhiteElo "1533"]
[BlackElo "2059"]
[EventDate "2011.08.06"]
[WhiteTitle "II+"]
[BlackTitle "I+"]

1.Nf3 Nf6 2.g3 g6 3.Bg2 Bg7 4.d3 d5 5.O-O O-O 6.c4 Nc6 7.Nbd2 Re8 8.Nb3 e5
9.Bg5 h6 10.Bxf6 Bxf6 11.Qd2 e4 12.dxe4 dxc4 13.Qxd8 Rxd8 14.Nbd2 Be6 15.
Rab1 Rab8 16.b3 b5 17.bxc4 bxc4 18.Rfc1 Rxb1 19.Nxb1 Bb2 20.Re1 c3 21.Nxc3
Bxc3 22.Rc1 Ba5 23.Rxc6 Rd1+ 24.Bf1 Bh3 0-1

[Event "XX Miedzynarodowy Festiwal Szachowy w Poznaniu Open Poznan"]
[Site "Poznan"]
[Date "2011.08.06"]
[Round "1.13"]
[White "Korbal, Arkadiusz"]
[Black "Sapikowski, Franciszek"]
[Result "1-0"]
[WhiteElo "2052"]
[BlackElo "1524"]
[EventDate "2011.08.06"]
[WhiteTitle "I++"]
[BlackTitle "II"]

1.d4 e6 2.c4 Bb4+ 3.Nd2 c5 4.a3 Qa5 5.Nf3 Nf6 6.Rb1 Bxd2+ 7.Bxd2 Qc7 8.
dxc5 Qxc5 9.Bb4 Qc7 10.Nd4 Ne4 11.f3 Nc5 12.Nb5 Qc6 13.Nd6+ Ke7 14.Qd4 
Nba6 15.Qxg7 Qxd6 16.Qxh8 Nxb4 17.axb4 Na6 18.b5 Nc7 19.Qc3 b6 20.Rd1 Qc5 
21.e3 Bb7 22.b4 Qg5 23.Qd4 Rd8 24.Qd6+ Ke8 25.Kf2 Qh4+ 26.g3 Qf6 27.Be2 
Na8 28.Rd4 Qf5 29.Ra1 e5 30.Rg4 1-0

[Event "XX Miedzynarodowy Festiwal Szachowy w Poznaniu Open Poznan"]
[Site "Poznan"]
[Date "2011.08.06"]
[Round "1.14"]
[White "Ratajczak, Mateusz"]
[Black "Duszczak, Dariusz"]
[Result "0-1"]
[WhiteElo "1522"]
[BlackElo "2041"]
[EventDate "2011.08.06"]
[WhiteTitle "II"]
[BlackTitle "I"]

1.e4 d5 2.exd5 Qxd5 3.Nc3 Qa5 4.Nf3 Nf6 5.d4 Bf5 6.Bd3 Bxd3 7.Qxd3 c6 8.
O-O e6 9.Bg5 Nbd7 10.Rfe1 Be7 11.a3 O-O 12.Ne4 Rfd8 13.Nxf6+ Nxf6 14.c3 
Qc7 15.Ne5 c5 16.Qc4 Bd6 17.Bxf6 gxf6 18.Ng4 cxd4 19.Qxc7 Bxc7 20.Nxf6+ 
Kg7 21.Ne4 dxc3 22.Nxc3 Rd2 23.Re2 Rxe2 24.Nxe2 Rd8 25.h3 Rd2 26.Kf1 Rxb2 
27.f3 b5 28.g4 Bb6 0-1

[Event "XX Miedzynarodowy Festiwal Szachowy w Poznaniu Open Poznan"]
[Site "Poznan"]
[Date "2011.08.06"]
[Round "1.15"]
[White "Bajerlein, Dawid"]
[Black "Chojnacki, Wojciech"]
[Result "1-0"]
[WhiteElo "2016"]
[BlackElo "1501"]
[EventDate "2011.08.06"]
[WhiteTitle "I"]
[BlackTitle "III"]

1.d4 d5 2.c4 c6 3.Nf3 Nf6 4.Nc3 Bf5 5.Qb3 Qd7 6.Ne5 Qc7 7.cxd5 e6 8.dxc6 
Nxc6 9.Nxc6 Qxc6 10.e4 O-O-O 11.exf5 Rxd4 12.Be3 Rb4 13.Qc2 Nd5 14.Rc1 
Nxe3 15.fxe3 b6 16.Nd5 Rc4 17.Qxc4 Bc5 18.Ne7+ 1-0

[Event "XX Miedzynarodowy Festiwal Szachowy w Poznaniu Open Poznan"]
[Site "Poznan"]
[Date "2011.08.06"]
[Round "1.16"]
[White "Raczynski, Krzysztof"]
[Black "Dzwikowski, Adam"]
[Result "0-1"]
[WhiteElo "1494"]
[BlackElo "2013"]
[EventDate "2011.08.06"]
[WhiteTitle "II"]
[BlackTitle "I"]

1.e4 Nf6 2.Nc3 d5 3.e5 Ne4 4.Nxe4 dxe4 5.d4 exd3 6.Bxd3 Nc6 7.f4 Nb4 8.Be4
Qxd1+ 9.Kxd1 Bg4+ 10.Nf3 O-O-O+ 11.Bd2 f5 12.exf6 exf6 13.f5 Bd6 14.Kc1 
Rhe8 15.Re1 Na6 16.Nd4 Bf4 17.Nb3 Nc5 18.Bxf4 Rxe4 19.Rg1 Nxb3+ 20.axb3 
Rxf4 21.c4 Rf2 22.Re1 Rdd2 23.Rxa7 Kb8 24.Ra2 b6 25.b4 Bxf5 26.b5 Rc2+ 27.
Kd1 Rfd2# 0-1

[Event "XX Miedzynarodowy Festiwal Szachowy w Poznaniu Open Poznan"]
[Site "Poznan"]
[Date "2011.08.06"]
[Round "1.17"]
[White "Hemmerling, Jaroslaw"]
[Black "Zakrzewski, Bartosz"]
[Result "1-0"]
[WhiteElo "1994"]
[BlackElo "1475"]
[EventDate "2011.08.06"]
[WhiteTitle "I"]
[BlackTitle "III"]

1.e4 e6 2.d4 d5 3.Nc3 dxe4 4.Nxe4 Bd7 5.Nf3 Bc6 6.Bd3 Nf6 7.Ng3 Be7 8.c3 
O-O 9.O-O Bxf3 10.Qxf3 c6 11.Bg5 Nbd7 12.Rfe1 Nd5 13.Bxe7 Qxe7 14.Rad1 
Rac8 15.c4 N5b6 16.a3 Nf6 17.b4 Rfd8 18.h4 Nbd7 19.d5 Nf8 20.Nf5 Qd7 21.
dxe6 Nxe6 22.Nh6+ Kf8 23.Bf5 Qe7 24.Nxf7 Qxf7 25.Bxe6 Rxd1 26.Qxd1 Qc7 27.
Bxc8 Qxc8 28.Qd6+ Kg8 29.Re7 1-0

[Event "XX Miedzynarodowy Festiwal Szachowy w Poznaniu Open Poznan"]
[Site "Poznan"]
[Date "2011.08.06"]
[Round "1.18"]
[White "Pawlowski, Rafal"]
[Black "Wesolowski, Edgar"]
[Result "0-1"]
[WhiteElo "1462"]
[BlackElo "1983"]
[EventDate "2011.08.06"]
[WhiteTitle "III"]
[BlackTitle "I"]

1.d4 d5 2.c4 e6 3.Nc3 c6 4.Nf3 dxc4 5.e4 b5 6.a4 Bb4 7.Bd2 Bb7 8.axb5 Bxc3
9.Bxc3 cxb5 10.Qc2 Nf6 11.e5 Be4 12.Qd2 Nd5 13.Ng5 Bg6 14.h4 h6 15.Nf3 Nc6
16.Ba5 Nxa5 17.Qxa5 Qxa5+ 18.Rxa5 Nc7 19.h5 Bc2 20.Be2 Kd7 21.O-O Kc6 22.
Rc1 Kb6 23.Raa1 Be4 24.b3 cxb3 25.Nd2 Bd5 26.Rab1 Rad8 27.Rd1 Rd7 28.Nxb3 
Bxb3 29.Rxb3 Rhd8 30.Rbd3 Nd5 31.g3 Nb4 32.Rb3 Rxd4 33.Rxb4 Rxd1+ 34.Bxd1 
Rxd1+ 0-1

[Event "XX Miedzynarodowy Festiwal Szachowy w Poznaniu Open Poznan"]
[Site "Poznan"]
[Date "2011.08.06"]
[Round "1.19"]
[White "Musialkiewicz, Pawel"]
[Black "Kostecki, Samuel"]
[Result "1-0"]
[WhiteElo "1961"]
[BlackElo "1341"]
[EventDate "2011.08.06"]
[WhiteTitle "I+"]
[BlackTitle "III"]

1.d4 c5 2.d5 e5 3.c4 d6 4.Nc3 Be7 5.e4 Bg5 6.Bxg5 Qxg5 7.Nf3 Qe7 8.h3 Bd7 
9.Be2 f5 10.exf5 Bxf5 11.Qa4+ Bd7 12.Qb3 Bf5 13.Nh4 Nh6 14.g4 Bc8 15.Ng2 
Nd7 16.Bd3 Nb6 17.a4 Nd7 18.Ne3 Nb8 19.O-O-O Na6 20.Na2 Qc7 21.Qc2 g6 22.
Rde1 Bd7 23.f4 O-O-O 24.fxe5 dxe5 25.Nf1 Rde8 26.Re3 Qa5 27.b3 Rhf8 28.Rg1
Nf7 29.Nd2 Re7 30.Qc3 Qxc3+ 31.Nxc3 Nb4 32.Bb1 Rfe8 33.Nce4 Kc7 34.Nxc5 
Bc8 35.Nce4 Nd6 36.Nxd6 Kxd6 37.Ne4+ 1-0